000 00786nam a2200217 i 4500
001 22261
003 ES-MaACL
005 20250824061153.0
007 t|
008 021202s1978 sp ||||1| spa d
100 1 _aAliaga, José Antonio.
_919919
245 1 3 _aEl proceso de creación de "Los fabricantes de héroes se reunen a comer" de Matilla y López Mozo /
_cJosé Antonio Aliaga, César Oliva.
250 _a[1ª ed.].
260 _aMurcia :
_bEdiciones 23-27,
_c[1978]
300 _a117 p. ;
_c22 cm.
490 1 _aCuadernos Cátedra de teatro. Universidad de Murcia
700 1 _aOliva, César.
_986726
830 0 0 _aCuadernos de la Cátedra de Teatro de la Universidad de Murcia
_9182622
852 _aES-MaACL
_jA-9812
_bR.98538
999 _c22261
_d22261